000 00665nam a2200241Ia 4500
003 OSt
005 20221006145750.0
006 a|||||r|||| 00| 0
007 ta
008 221006b |||||||| |||| 00| 0 eng d
020 _c
_2.50
024 _a15,888
037 _cTextual
040 _aEASL
_cEASL
_beng
041 _2eng
_aeng
082 _aY15.41.N7, L3
100 _aCROLL Elisabeth
_9248306
245 0 _aWomens movement in China
_b Selection of readings
260 _aPeking
_bAnglo-Chinese Educaional Institute
_c1974
300 _a118p.
_ccm.
942 _hY15.41.N7, L3
_cTEXL
_2CC
999 _c1083974
_d1083974